[Event "World Junior U20 Open 2018"]
[Site "Gebze"]
[Date "2018.09.13"]
[Round "9.34"]
[White "Ozen, Bahadir"]
[Black "Macovei, Andrei"]
[Result "1/2-1/2"]
[WhiteElo "2326"]
[BlackElo "2385"]
[Annotator "NA"]
[PlyCount "108"]
[EventDate "2018.09.05"]
[EventType "swiss"]
[EventCountry "TUR"]
[SourceTitle "playchess.com"]
[Source "ChessBase"]
[SourceQuality "1"]
[TimeControl "40/5400+30:1800+30"]

1. d4 {[%emt 0:00:30]} Nf6 {[%emt 0:01:30]} 2. c4 {[%emt 0:00:30]} e6 {[%emt 0:01:30]} 3. Nc3 {[%emt 0:00:30]} Bb4 {[%emt 0:01:30]} 4. e3 {[%emt 0:00:30]} O-O {[%emt 0:01:30]} 5. Bd3 {[%emt 0:00:30]} c5 {[%emt 0:03:30]} 6. Nf3 {[%emt 0:00:30]} b6 {[%emt 0:03:30]} 7. O-O {[%emt 0:01:30]} Bxc3 {[%emt 0:01:30]} 8. bxc3 {[%emt 0:00:30]} Bb7 {[%emt 0:00:30]} 9. Nd2 {[%emt 0:14:30]} Nc6 {[%emt 0:04:30] LiveBook: 27 Games E43: Nimzo-Indian: Rubinstein: 4...b6} 10. Bb2 {[%emt 0:02:30]} (10. Re1 d6 11. f3 Rc8 12. Bb2 Ba6 13. Qe2 Qd7 14. e4 Na5 15. Rac1 e5 16. Nf1 Nh5 17. g3 {½-½ (53) Agdestein,S (2581)-Vitiugov,N (2734) Helsingor 2018}) 10... d6 {[%emt 0:07:30]} 11. e4 {[%emt 0:04:30]} e5 {[%emt 0:06:30]} 12. d5 {[%emt 0:02:30]} Ne7 {[%emt 0:00:30]} 13. g3 {[%emt 0:11:30]} Bc8 {[%emt 0:15:30]} 14. Re1 {[%emt 0:00:30]} Ng6 {[%emt 0:11:30]} 15. Nf1 {[%emt 0:02:30]} Bh3 $146 {[%emt 0:07:30]} ({Predecessor:} 15... h6 16. Ne3 Rb8 17. Bc1 Bd7 18. a4 {1-0 (37) Laliga,O (1957)-Klaus,E ICCF email 2014}) 16. Bc1 {[%emt 0:02:30]} h6 {[%emt 0:03:30]} 17. Ne3 {[%emt 0:01:30]} Qd7 {[%emt 0:00:30]} 18. a4 {[%emt 0:07:30]} Kh8 {[%emt 0:04:30]} 19. a5 {[%emt 0:02:30]} bxa5 {[%emt 0:01:30]} 20. Rxa5 {[%emt 0:01:30]} Ng4 {[%emt 1:24:38]} ({Lieber} 20... Qd8 $14 21. Qa4 Bd7) 21. Qa4 {[%emt 1:10:30]} Qc7 {[%emt 0:00:30]} 22. Ra6 {[%emt 0:00:30]} Nxe3 {[%emt 0:00:30]} 23. Bxe3 {[%emt 0:00:30]} Bc8 {[%emt 0:00:30]} 24. Rc6 {[%emt 0:00:30]} Qd8 {[%emt 0:02:15]} 25. Qa3 {[%emt 0:07:30]} Ne7 {[%emt 0:00:30]} 26. Rxd6 {[%emt 0:00:30]} Qxd6 {[%emt 0:00:30]} 27. Bxc5 {[%emt 0:00:30]} Qg6 {[%emt 0:00:30]} 28. Bxe7 {[%emt 0:00:30]} Re8 {[%emt 0:00:12]} 29. Bd6 {[%emt 0:03:30]} Bh3 {[%emt 0:01:48]} 30. c5 {[%emt 0:03:24]} Qg4 {[%emt 0:01:10]} 31. Qa4 {[%emt 0:01:24]} Qf3 {[%emt 0:00:46]} 32. Bf1 {[%emt 0:00:02]} Bxf1 {[%emt 0:01:28]} 33. Rxf1 {[%emt 0:02:36]} Qxc3 {[%emt 0:00:01]} 34. c6 {[%emt 0:00:27]} a5 {[%emt 0:00:19]} 35. Ba3 {[%emt 0:02:09]} h5 {[%emt 0:01:48]} 36. h4 {[%emt 0:02:06]} f5 {[%emt 0:01:07]} 37. Rc1 {[%emt 0:02:27]} Qf3 {[%emt 0:01:02]} 38. Bc5 {[%emt 0:00:16]} f4 {[%emt 0:00:50]} 39. Qd1 {[%emt 0:00:23]} Qxe4 {[%emt 0:00:15]} 40. Qxh5+ {[%emt 0:00:59]} Kg8 {[%emt 0:00:00]} 41. Rd1 {[%emt 0:06:47]} fxg3 {[%emt 0:18:51]} 42. Qg5 {[%emt 0:07:30]} gxf2+ {[%emt 0:03:51]} 43. Bxf2 {[%emt 0:00:00]} Rad8 {[%emt 0:03:55]} 44. Qg2 {[%emt 0:03:00]} Qc2 {[%emt 0:01:06]} 45. Ra1 {[%emt 0:02:30]} e4 {[%emt 0:07:33]} 46. Rxa5 {[%emt 0:00:00]} Qd1+ {[%emt 0:01:51]} 47. Kh2 {[%emt 0:00:00]} Rxd5 {[%emt 0:01:24]} 48. Ra7 {[%emt 0:00:30]} g5 {[%emt 0:00:21]} 49. Be3 {[%emt 0:02:30]} Qf3 {[%emt 0:01:51]} 50. Qa2 {[%emt 0:00:30]} Kh8 {[%emt 0:01:19]} 51. Qxd5 $11 {[%emt 0:00:30]} Qe2+ {[%emt 0:00:10]} 52. Kh1 {[%emt 0:00:30]} Qf3+ {[%emt 0:00:30]} 53. Kh2 {[%emt 0:00:30]} Qe2+ {[%emt 0:00:06]} 54. Kh1 {[%emt 0:00:00]} Qf3+ {[%emt 0:00:00]} 1/2-1/2

[Event "World Junior U20 Open 2018"]
[Site "Gebze"]
[Date "2018.09.13"]
[Round "9.35"]
[White "Gorshtein, Ido"]
[Black "Agibileg, Uurtsaikh"]
[Result "1-0"]
[WhiteElo "2383"]
[BlackElo "2321"]
[Annotator "NA"]
[PlyCount "93"]
[EventDate "2018.09.05"]
[EventType "swiss"]
[EventCountry "TUR"]
[SourceTitle "playchess.com"]
[Source "ChessBase"]
[SourceQuality "1"]
[TimeControl "40/5400+30:1800+30"]

1. e4 {[%emt 0:00:30]} c5 {[%emt 0:00:30]} 2. Ne2 {[%emt 0:00:00]} e5 {[%emt 0:00:30]} 3. Nbc3 {[%emt 0:01:00]} Nf6 {[%emt 0:01:30]} 4. d3 {[%emt 0:00:30]} h6 {[%emt 0:02:30]} 5. g3 {[%emt 0:05:30]} d5 {[%emt 0:00:30]} 6. exd5 {[%emt 0:00:30]} Nxd5 {[%emt 0:00:30]} 7. Bg2 {[%emt 0:00:00]} Be6 {[%emt 0:00:30]} 8. O-O {[%emt 0:00:00]} Nc6 {[%emt 0:01:00]} 9. f4 {[%emt 0:01:30]} Nxc3 {[%emt 0:02:30]} 10. bxc3 {[%emt 0:13:30]} Bd5 {[%emt 0:03:30]} 11. Bh3 {[%emt 0:04:30]} c4 {[%emt 0:08:30] [#]} (11... Bd6 $142) 12. fxe5 $1 {[%emt 0:01:30]} Nxe5 {[%emt 0:06:30] [#]} 13. Nf4 $1 {[%emt 0:00:30]} Bc6 {[%emt 0:03:30]} 14. d4 {[%emt 0:00:30]} Be7 {[%emt 0:16:30]} 15. Qe2 {[%emt 0:02:30]} Nf3+ {[%emt 0:06:30]} 16. Rxf3 {[%emt 0:00:30]} Bxf3 {[%emt 0:00:30]} 17. Qxf3 {[%emt 0:00:30]} O-O {[%emt 0:00:30]} 18. Bd2 {[%emt 0:00:30]} b6 {[%emt 0:55:00]} 19. Re1 {[%emt 0:00:30]} Re8 {[%emt 0:00:30]} 20. Rf1 {[%emt 0:00:30]} Bg5 {[%emt 0:00:30]} 21. Bg2 {[%emt 0:00:30]} Rc8 {[%emt 0:00:30]} 22. h4 {[%emt 0:00:30]} Bxf4 {[%emt 0:00:30]} 23. Bxf4 {[%emt 0:00:30]} Qf6 {[%emt 0:06:30]} 24. Qg4 {[%emt 0:01:30]} Qg6 {[%emt 0:00:30]} 25. Qxg6 {[%emt 0:00:30]} fxg6 {[%emt 0:00:30]} 26. Bd5+ {[%emt 0:00:30]} Kh7 {[%emt 0:00:30]} 27. Be5 {[%emt 0:00:30]} Rf8 {[%emt 0:00:30]} 28. Rxf8 {[%emt 0:03:30]} Rxf8 {[%emt 0:00:30]} 29. Bxc4 {[%emt 0:00:30]} Rc8 {[%emt 0:01:00]} 30. Bd3 {[%emt 0:00:00]} Rxc3 {[%emt 0:00:00]} 31. h5 {[%emt 0:01:00]} Kg8 {[%emt 0:00:00]} 32. hxg6 {[%emt 0:01:30]} b5 {[%emt 0:02:30]} 33. Bxb5 {[%emt 0:01:30]} Rxc2 {[%emt 0:01:30]} 34. Be8 {[%emt 0:00:30]} a5 {[%emt 1:11:00]} 35. a4 {[%emt 0:44:30]} (35. Bf7+ $142 Kh8 36. Kf1) 35... Kh8 {[%emt 0:01:30]} 36. Kf1 {[%emt 0:00:30]} h5 {[%emt 0:00:30]} 37. d5 {[%emt 0:00:30]} Rc5 {[%emt 0:00:30]} 38. Bc6 {[%emt 0:00:30]} Kg8 {[%emt 0:00:30]} 39. Ke2 {[%emt 0:00:30]} Kh8 {[%emt 0:00:30]} 40. Kd3 {[%emt 0:00:30]} h4 {[%emt 0:00:00]} 41. Kd4 {[%emt 0:03:30]} Rc1 {[%emt 0:01:00]} 42. gxh4 {[%emt 0:00:00]} Kg8 {[%emt 0:01:30]} 43. h5 {[%emt 0:01:00]} Rh1 {[%emt 0:00:30]} 44. d6 {[%emt 0:01:30]} Rh4+ {[%emt 0:01:30]} 45. Kd5 {[%emt 0:00:30]} Kf8 {[%emt 0:00:00]} 46. Ke6 {[%emt 0:00:00]} Rc4 {[%emt 0:01:00]} 47. d7 {[%emt 0:00:00]} 1-0

[Event "World Junior U20 Open 2018"]
[Site "Gebze"]
[Date "2018.09.13"]
[Round "9.36"]
[White "Gunduz, Umut Erdem"]
[Black "Zou, Chen"]
[Result "0-1"]
[WhiteElo "2119"]
[BlackElo "2365"]
[Annotator "NA"]
[PlyCount "96"]
[EventDate "2018.09.05"]
[EventType "swiss"]
[EventCountry "TUR"]
[SourceTitle "playchess.com"]
[Source "ChessBase"]
[SourceQuality "1"]
[TimeControl "40/5400+30:1800+30"]

1. e4 {[%emt 0:00:30]} c5 {[%emt 0:00:30]} 2. Nf3 {[%emt 0:00:30]} d6 {[%emt 0:00:30]} 3. d4 {[%emt 0:00:00]} cxd4 {[%emt 0:00:00]} 4. Nxd4 {[%emt 0:00:00]} Nf6 {[%emt 0:00:00]} 5. f3 {[%emt 0:00:00]} e5 {[%emt 0:00:00]} 6. Nb3 {[%emt 0:00:00]} d5 {[%emt 0:00:00]} 7. Bg5 {[%emt 0:00:00]} Be6 {[%emt 0:00:00]} 8. Bxf6 {[%emt 0:05:00]} gxf6 {[%emt 0:00:00]} 9. exd5 {[%emt 0:00:30]} Qxd5 {[%emt 0:00:30]} 10. Qxd5 {[%emt 0:00:00]} Bxd5 {[%emt 0:00:30]} 11. Nc3 {[%emt 0:00:00]} Be6 {[%emt 0:00:00]} 12. O-O-O {[%emt 0:07:30] B55: Sicilian: 2...d6 3 d4 cxd4 4 Nxd4 Nf6 5 f3} Nc6 {[%emt 0:00:00]} 13. Bb5 {[%emt 0:13:30]} Rc8 {[%emt 0:00:00] [#]} 14. Ne4 $146 {[%emt 0:06:30]} ({Predecessor:} 14. Nd5 f5 15. Na5 Bh6+ 16. Kb1 Kf8 17. Nb3 Kg7 18. Rhe1 Rhd8 19. Nc3 Rxd1+ 20. Nxd1 {0-1 (56) Harikrishna,P (2758)-Giri,A (2769) Shenzhen 2017}) 14... Ke7 {[%emt 0:03:00]} 15. c3 {[%emt 0:14:30]} a6 {[%emt 0:17:30]} 16. Be2 {[%emt 0:02:30]} Bh6+ {[%emt 0:01:30]} 17. Kb1 {[%emt 0:02:30]} Rcd8 {[%emt 0:00:30]} 18. Nbc5 {[%emt 0:07:30]} Bc8 {[%emt 0:01:30]} 19. g4 {[%emt 0:02:30]} Be3 {[%emt 0:26:30]} 20. Bc4 {[%emt 0:03:30]} Rxd1+ {[%emt 0:00:30]} 21. Rxd1 {[%emt 0:00:30]} h5 {[%emt 0:00:30]} 22. h3 {[%emt 0:03:30]} Na5 {[%emt 0:48:00]} 23. Bd5 {[%emt 0:01:30]} f5 {[%emt 0:10:30]} 24. gxf5 {[%emt 0:05:30]} Bxf5 {[%emt 0:01:30]} 25. Nd3 {[%emt 0:02:30]} f6 {[%emt 0:07:30]} 26. Re1 {[%emt 0:12:08]} Rd8 {[%emt 0:01:30]} 27. c4 {[%emt 1:31:00]} Bd4 {[%emt 1:07:30]} 28. b4 {[%emt 0:00:30]} Nc6 {[%emt 0:00:30]} 29. Kc1 {[%emt 0:01:36]} h4 {[%emt 0:09:30]} 30. f4 {[%emt 0:01:19]} Bxh3 {[%emt 0:11:20]} 31. fxe5 {[%emt 0:00:07]} Nxe5 {[%emt 0:03:43]} 32. Nf4 {[%emt 0:06:02]} Bc8 {[%emt 0:01:50]} 33. Kc2 {[%emt 0:00:19]} h3 {[%emt 0:02:45]} 34. Nh5 {[%emt 0:04:06]} Nf3 {[%emt 0:06:37]} 35. Rf1 {[%emt 0:00:47]} Nh2 {[%emt 0:00:55]} 36. Re1 {[%emt 0:01:31]} Bf5 {[%emt 0:01:26]} 37. Nhg3 {[%emt 0:00:30]} Bg6 {[%emt 0:00:00]} 38. Rh1 {[%emt 0:00:26]} Ng4 {[%emt 0:01:19]} 39. Bxb7 {[%emt 0:00:44]} h2 {[%emt 0:00:45]} 40. Kb3 {[%emt 0:00:39]} f5 {[%emt 0:00:00]} 41. Nc3 {[%emt 0:08:54]} Be5 {[%emt 0:08:20]} 42. Nge2 {[%emt 0:04:49]} Rd3 {[%emt 0:00:00]} 43. Rd1 {[%emt 0:10:23]} Rh3 {[%emt 0:08:24]} 44. Rf1 {[%emt 0:04:40]} Ne3 {[%emt 0:02:07]} 45. Re1 {[%emt 0:02:04]} Bf7 {[%emt 0:01:32]} 46. Ka4 {[%emt 0:01:48]} Bxc4 $19 {[%emt 0:00:17]} 47. Bh1 {[%emt 0:00:41]} Bxe2 {[%emt 0:02:02]} 48. Nxe2 {[%emt 0:00:39]} Nc2 {[%emt 0:00:04]} 0-1

[Event "World Junior U20 Open 2018"]
[Site "Gebze"]
[Date "2018.09.13"]
[Round "9.37"]
[White "Nyambileg, Erdene-Ochir"]
[Black "Sanal, Vahap"]
[Result "0-1"]
[WhiteElo "1798"]
[BlackElo "2502"]
[Annotator "TA"]
[PlyCount "66"]
[EventDate "2018.09.05"]
[EventType "swiss"]
[EventCountry "TUR"]
[SourceTitle "playchess.com"]
[Source "ChessBase"]
[SourceQuality "1"]

{[%evp 14,66,3,0,0,-2,0,0,16,0,5,4,0,0,0,0,0,-9,-7,-16,0,0,0,-27,0,0,0,-37,0,-108,-25,-21,-14,-140,-122,-143,-147,-150,-126,-327,-352,-404,-164,-168,-133,-414,-412,-412,-384,-425,-264,-287,-275,-450,-335]} 1. d4 Nf6 2. c4 e6 3. Nf3 b6 4. a3 Bb7 5. Nc3 d5 6. Bf4 Bd6 {E12: Queen's Indian: Unusual White 4th moves, 4 a3, 4 Nc3 Bb7 5 a3 and 4 Nc3 Bb7} 7. Bg3 (7. Bxd6 Qxd6 8. cxd5 Nxd5 9. Nb5 Qd8 10. e4 Ne7 11. Qc2 c6 12. Nc3 O-O 13. Rd1 Nd7 14. Be2 {½-½ (41) Roiz,M (2604)-Navara,D (2726) Antalya 2017}) 7... O-O 8. e3 {LiveBook: 10 Games} c5 {The position is equal.} 9. dxc5 bxc5 10. Be2 h6 $146 ({Predecessor:} 10... Bxg3 11. hxg3 Re8 12. O-O Nbd7 13. Rc1 a5 14. Qc2 {0-1 (59) Bukowski,G (2222)-Sgherri,M (2352) ICCF email 2016}) 11. Rc1 Bxg3 12. hxg3 Nbd7 13. O-O Qe7 14. cxd5 exd5 15. Qc2 Rac8 16. Rfd1 Nb6 17. Qf5 Rfe8 18. a4 a5 19. Bb5 Red8 20. Bd3 Rb8 21. Ne5 {[#]} (21. b3 $11) 21... g6 ({Better is} 21... d4 $1 $17 {[%cal Rd4c3]} 22. exd4 Rxd4) 22. Qf4 $1 $11 Nh5 $36 {[%mdl 2048] Black has the initiative.} 23. Qxh6 (23. Nxg6 $1 $11 {was the only way to keep the balance.} fxg6 24. Qxh6) 23... Qxe5 $17 24. Bxg6 {White wants to mate with Qh7+.} Nf6 ({But not} 24... fxg6 25. Qxg6+ Ng7 26. Qxb6 $17) 25. Bb1 Nbd7 26. g4 $2 (26. Ne2 $17 {was worth a try.}) 26... Nxg4 $19 27. Bh7+ Kh8 28. Qh3 {[#] White threatens Bg6+ and mate.} Ngf6 29. f4 $2 {[%mdl 8192]} (29. Bf5+ $17 Kg7 30. f4) 29... Qh5 30. Qxh5 Nxh5 31. Bf5 Nb6 32. Kf2 {With the idea Rh1.} Nf6 33. Nb5 $2 (33. g4 {was necessary.}) 33... Bc8 {Precision: White = 37%, Black = 53%.} 0-1

[Event "World Junior U20 Open 2018"]
[Site "Gebze"]
[Date "2018.09.13"]
[Round "9.38"]
[White "Priasmoro, Novendra"]
[Black "Milosevic, Milos"]
[Result "1-0"]
[WhiteElo "2498"]
[BlackElo "2292"]
[Annotator "TA"]
[PlyCount "65"]
[EventDate "2018.09.05"]
[EventType "swiss"]
[EventCountry "TUR"]
[SourceTitle "playchess.com"]
[Source "ChessBase"]
[SourceQuality "1"]

{[%evp 17,65,12,18,2,0,0,0,-26,-22,-28,-26,-31,-27,-93,-76,-77,0,-67,5,-96,-91,-100,-99,-118,22,33,23,24,43,36,101,104,179,174,675,707,720,721,697,706,674,660,1173,670,681,677,670,657,597,618]} 1. d4 d6 2. e4 e5 3. Nf3 exd4 4. Qxd4 a6 5. Bg5 Nc6 6. Qd2 Nf6 7. Nc3 Be7 8. O-O-O Be6 9. h3 O-O 10. Qe3 {C41: Philidor Defence} Nd7 11. Bf4 b5 $146 {[%cal Bb7b5,Bb5b4][%mdl 32]} ({Predecessor:} 11... Bf6 12. g4 Qe7 13. Nd5 Bxd5 14. exd5 Qxe3+ 15. Bxe3 Nce5 16. Nxe5 Nxe5 17. f4 Ng6 {1-0 (48) Sutovsky,E (2410)-Urban,J (2340) Budapest 1993}) 12. Nd5 {The position is equal.} Re8 13. g4 Bf8 14. Qc3 Nc5 15. Bd3 (15. Nxc7 $11 {remains equal.} Qxc7 16. Qxc5 $1 {[%mdl 512]}) 15... b4 $17 16. Qd2 Na4 (16... Ne5 $17 17. Nd4 Nexd3+ 18. cxd3 Bxd5 19. exd5 Qf6) 17. Bg5 (17. Nxb4 Qf6 $17) (17. Bc4 $11) 17... Qb8 ({Better is} 17... Qc8 $15) 18. h4 (18. Nf6+ $1 $11 {keeps the balance.} gxf6 19. Bxf6) 18... Ne5 $1 {[%cal Re5f3]} (18... Bxg4 $2 19. Nf6+ $1 {[%mdl 512]} Kh8 20. Nxg4 $18) 19. Nxe5 dxe5 20. h5 {[#]} Bxd5 ({Wrong is} 20... Bxg4 $2 21. Rdg1 $18) (20... c6 $1 $17 {[%cal Rc6d5]} 21. h6 Bxd5 22. hxg7 (22. exd5 $2 e4 $19) 22... Bxg7) 21. exd5 $11 e4 22. Bc4 $36 {[%mdl 2048] White has the initiative.} Bd6 23. Be3 Be5 ({Black should play} 23... Nb6 $14 24. b3 Nxc4 25. bxc4 Qd8) 24. Bd4 $16 c5 (24... Bxd4 $16 {was worth a try.} 25. Qxd4 Qb6) 25. dxc6 $18 {And now Bb3 would win.} Nxb2 $2 (25... Bf4 26. Be3 Be5) 26. Kxb2 {White is clearly winning.} Rd8 27. Qe3 Rxd4 28. Rxd4 Qb6 29. Rhd1 Rd8 {[%cal Rd8d4]} 30. Kb1 Bxd4 31. c7 Qxc7 32. Rxd4 Rxd4 33. Qxd4 {Precision: White = 43%, Black = 46%.} 1-0

[Event "World Junior U20 Open 2018"]
[Site "Gebze"]
[Date "2018.09.13"]
[Round "9.39"]
[White "Shailesh, Dravid"]
[Black "Asadli, Vugar"]
[Result "1-0"]
[WhiteElo "2325"]
[BlackElo "2492"]
[Annotator "TA"]
[PlyCount "62"]
[EventDate "2018.09.05"]
[EventType "swiss"]
[EventCountry "TUR"]
[SourceTitle "playchess.com"]
[Source "ChessBase"]
[SourceQuality "1"]

{[%evp 20,62,38,-4,62,22,40,6,45,39,49,-22,0,-29,-18,-28,0,0,39,47,46,0,0,0,0,-24,0,0,0,0,0,-18,-14,-62,185,27,41,47,550,521,717,726,727,708,625]} 1. e4 d6 2. d4 g6 3. Nc3 Bg7 4. Nf3 a6 5. a4 b6 6. Be2 Bb7 {B06: Modern Defence} 7. O-O e6 8. Bg5 Ne7 9. Qd2 h6 10. Be3 Nd7 11. h3 {LiveBook: 4 Games} Kf8 $146 (11... f5 $11) ({Predecessor:} 11... Nf6 12. Bd3 d5 13. e5 {1-0 (60) Dragnev,V (2475)-Tica,S (2359) Zadar 2016}) 12. Nh2 {[%cal Bf3h2,Bh2g4,Bg4h6][%mdl 32]} Kg8 13. Ng4 {[%cal Rg4h6]} h5 14. Nh6+ Kf8 15. f3 ({White should try} 15. Rae1 $14) 15... d5 16. exd5 exd5 {Strongly threatening ...c5.} 17. Bd1 $1 c5 {[#] Hoping for ...cxd4.} (17... Nc5 $5) 18. Ne2 a5 19. c3 Ba6 20. Rf2 Rc8 {[%cal Ba8c8,Bc8c6,Bc6e6][%mdl 32]} 21. Bb3 Rc6 22. g4 Re6 23. g5 Bxe2 24. Rxe2 {aiming for Rae1.} Bxh6 25. gxh6 {Rae1 is the strong threat.} Nf5 $1 26. Bf4 Qh4 $2 {[#]} (26... Rxe2 $15 {stays ahead.} 27. Qxe2 Qh4) 27. Rae1 $2 ({White has to play} 27. Rg2 $1 $18) 27... g5 $1 $11 {[%cal Rg5f4]} 28. Bc7 $40 {[%mdl 128] White mounts an attack.} c4 $2 {[%mdl 8192]} (28... Rhxh6 $14 29. dxc5 (29. Bxd5 Rxe2 30. Rxe2 cxd4 $11) 29... Nxc5 30. Bxd5 Rxe2 31. Rxe2 Qxa4) 29. Bc2 {White is clearly winning.} Qxh3 {Threatens to win with ...Nh4.} 30. Rxe6 fxe6 31. Rxe6 Qxf3 {Precision: White = 26%, Black = 42%.} 1-0

[Event "World Junior U20 Open 2018"]
[Site "Gebze"]
[Date "2018.09.13"]
[Round "9.40"]
[White "Cadilhac, Igor Tokuichi Kikuc"]
[Black "Tutisani, Noe"]
[Result "0-1"]
[WhiteElo "2286"]
[BlackElo "2471"]
[Annotator "TA"]
[PlyCount "72"]
[EventDate "2018.09.05"]
[EventType "swiss"]
[EventCountry "TUR"]
[SourceTitle "playchess.com"]
[Source "ChessBase"]
[SourceQuality "1"]

{[%evp 16,71,0,0,0,0,0,0,0,0,90,0,14,0,36,37,276,82,79,72,69,69,95,60,71,83,84,86,85,72,96,44,55,43,71,36,42,35,35,14,65,54,62,64,79,19,27,-40,13,-134,-121,-236,-231,-895,-886,-881,-802,-29999]} 1. e4 e5 2. Nf3 Nc6 3. Nc3 Nf6 4. Bb5 Nd4 5. Bc4 Bc5 6. Nxe5 Qe7 {C48: Four Knights: 4 Bb5, replies other than 4...Bb4} 7. Nf3 d5 8. Nxd5 (8. Bxd5 Bg4 9. d3 O-O-O 10. Be3 Nxd5 11. Nxd5 Rxd5 12. exd5 Re8 13. O-O Bxf3 14. gxf3 Qh4 15. f4 Bd6 16. Bxd4 Bxf4 17. Kg2 Qxh2+ 18. Kf3 Qh3+ 19. Kxf4 Qh2+ 20. Kf3 Qh3+ {½-½ (20) Kravtsiv,M (2654)-Wang,H (2711) Abu Dhabi 2018}) 8... Qxe4+ 9. Ne3 {LiveBook: 3 Games} Bg4 10. Be2 $1 Nxe2 11. Qxe2 O-O-O 12. d3 {[%cal Bd2d3,Bd3d4][%mdl 32]} Qa4 $146 (12... Qe6 $11 {remains equal.}) ({Predecessor:} 12... Bxf3 13. Qxf3 Qxf3 14. gxf3 {½-½ (57) Mijovic,S (2325)-Todorovic,G (2458) Belgrade 2009}) 13. c3 (13. Nxg4 $16 Qxg4 14. O-O) 13... Rhe8 $11 14. d4 Nd5 15. O-O ({Wrong is} 15. dxc5 $2 Nf4 $19) 15... Qc6 $2 {[#]} (15... Bd6 $14) 16. Qc2 $2 (16. dxc5 $18 {is the precise move to win. aiming for Qc2.} Rd7 17. b4) 16... Nxe3 $16 17. fxe3 Bd6 18. c4 f6 19. Bd2 ({But not} 19. Qxh7 Qxc4 20. Rf2 (20. Qxg7 Bxf3 21. Rxf3 Qe2 $19) 20... Qe6 $15) 19... g6 20. b4 {[%cal Bb2b4,Bb4b5][%mdl 32]} Bf5 21. Qc3 Qe4 22. b5 Qd3 23. Qxd3 (23. Qb3 $16) 23... Bxd3 $14 24. Rfc1 Bf8 25. Kf2 g5 {[%cal Bg6g5,Bg5g4][%mdl 32]} 26. a4 g4 27. Ng1 Bh6 (27... f5 $11) 28. Rc3 Be4 29. Ne2 Bg5 30. g3 ({White should play} 30. d5 $16) 30... h5 31. Nf4 ({White should try} 31. Be1 $11) 31... f5 (31... Bxf4 $15 32. gxf4 h4) 32. Re1 (32. Ng2 $11) 32... h4 $17 33. Ng6 (33. Ng2 $17 {keeps fighting.}) 33... hxg3+ $19 34. Kxg3 $2 (34. hxg3 Re6 35. Nf4) 34... Rd6 35. Nf4 Rh6 {[%csl Gh6][%cal Rg5h4] [#]} 36. Re2 Bh4# {Precision: White = 25%, Black = 43%.} 0-1

[Event "World Junior U20 Open 2018"]
[Site "Gebze"]
[Date "2018.09.13"]
[Round "9.41"]
[White "Nikolovski, Nikola"]
[Black "Agdelen, Huseyin Can"]
[Result "1/2-1/2"]
[WhiteElo "2388"]
[BlackElo "2280"]
[Annotator "NA"]
[PlyCount "60"]
[EventDate "2018.09.05"]
[EventType "swiss"]
[EventCountry "TUR"]
[SourceTitle "playchess.com"]
[Source "ChessBase"]
[SourceQuality "1"]
[TimeControl "40/5400+30:1800+30"]

1. e4 {[%emt 0:00:30]} c5 {[%emt 0:00:30]} 2. Nf3 {[%emt 0:00:00]} d6 {[%emt 0:00:00]} 3. d4 {[%emt 0:00:00]} cxd4 {[%emt 0:00:00]} 4. Nxd4 {[%emt 0:00:30]} Nf6 {[%emt 0:00:30]} 5. Nc3 {[%emt 0:00:30]} a6 {[%emt 0:00:00]} 6. Bg5 {[%emt 0:00:30]} e6 {[%emt 0:00:00]} 7. f4 {[%emt 0:00:00]} h6 {[%emt 0:00:00]} 8. Bh4 {[%emt 0:00:00]} Qb6 {[%emt 0:00:00]} 9. Qd2 {[%emt 0:02:30]} Qxb2 {[%emt 0:02:30]} 10. Rb1 {[%emt 0:00:30]} Qa3 {[%emt 0:00:00]} 11. e5 {[%emt 0:00:30]} dxe5 {[%emt 0:00:00] B97: Sicilian Najdorf: Poisoned Pawn} 12. fxe5 {[%emt 0:00:30]} Nfd7 {[%emt 0:00:30]} 13. Ne4 {[%emt 0:00:30]} Qxa2 {[%emt 0:00:00]} 14. Rd1 {[%emt 0:01:30]} Qd5 {[%emt 0:01:00]} 15. Qe3 {[%emt 0:00:30]} Qxe5 {[%emt 0:00:30]} 16. Be2 {[%emt 0:01:30]} Bc5 {[%emt 0:00:00]} 17. Bg3 {[%emt 0:00:30]} Qd5 {[%emt 0:00:00]} 18. c4 {[%emt 0:01:30]} Bxd4 {[%emt 0:01:30]} 19. Rxd4 {[%emt 0:00:30] [#]} Qa5+ $146 {[%emt 0:00:00]} 20. Rd2 $1 {[%emt 0:00:30]} O-O {[%emt 0:00:00]} 21. Bd6 {[%emt 0:01:30]} f5 {[%emt 0:00:30]} 22. Bxf8 {[%emt 0:06:30]} Nxf8 {[%emt 0:01:30]} ({Not} 22... Kxf8 23. Nd6 $18) 23. Nd6 {[%emt 0:00:30]} Nbd7 {[%emt 0:00:30]} 24. g4 {[%emt 0:07:30]} fxg4 {[%emt 0:00:30]} 25. Bxg4 {[%emt 0:10:30]} Qa1+ $11 {[%emt 0:06:30]} 26. Rd1 {[%emt 0:05:30]} Qa5+ {[%emt 0:00:30]} 27. Rd2 {[%emt 0:00:00]} Qa1+ {[%emt 0:08:30]} 28. Rd1 {[%emt 0:02:00]} Qa5+ {[%emt 0:00:30]} 29. Rd2 {[%emt 0:00:00]} Qa1+ {[%emt 0:00:00]} 30. Rd1 {[%emt 0:00:00]} Qa5+ {[%emt 0:00:00]} 1/2-1/2